[Event "Ì11Ï"]
[Site "Loo"]
[Date "2017.04.23"]
[Round "4.54"]
[White "Æãèëåâ, Èâàí."]
[Black "Ñìîëêîâ, Ï¸òð."]
[Result "1-0"]
[WhiteElo "1359"]
[BlackElo "1096"]
[PlyCount "105"]
[EventDate "2017.04.20"]

1. d4 Nf6 2. c4 g6 3. Nc3 Bg7 4. e4 d6 5. f3 O-O 6. Bg5 Nbd7 7. Qd2 e5 8. d5 a6
9. Bd3 c6 10. Nge2 Nc5 11. O-O Nxd3 12. Qxd3 Qc7 13. b4 Nh5 14. a3 c5 15. b5 f5
16. Qc2 f4 17. Rfb1 a5 18. b6 Qf7 19. Nb5 Bd7 20. Nxd6 h6 21. Nxf7 Rxf7 22. Bh4
g5 23. Bf2 Bf8 24. Nc3 g4 25. fxg4 Bxg4 26. h3 Bd7 27. Nb5 Bxb5 28. Rxb5 Rg7
29. Kf1 f3 30. gxf3 Nf4 31. h4 Nh3 32. Ke2 Rg2 33. Rf1 Nf4+ 34. Ke1 Be7 35. Rg1
Rxg1+ 36. Bxg1 Bxh4+ 37. Bf2 Bxf2+ 38. Kxf2 Kf7 39. Rxc5 Rg8 40. Rc7+ Kf6 41.
Qd1 Rg2+ 42. Ke3 Rg7 43. Rxg7 Kxg7 44. Qg1+ Kh7 45. c5 Nh3 46. Qg3 Ng5 47. c6
bxc6 48. b7 cxd5 49. Qxe5 dxe4 50. Qf5+ Kg7 51. b8=R Nxf3 52. Rb7+ Kg8 53. Qc8#
1-0

[Event "Ì11Ï"]
[Site "Loo"]
[Date "2017.04.23"]
[Round "4.56"]
[White "×åðíÿåâ, Äàíèë."]
[Black "Ñåðãèåíêî, Èâàí."]
[Result "1/2-1/2"]
[WhiteElo "1108"]
[BlackElo "1259"]
[PlyCount "80"]
[EventDate "2017.04.20"]

1. d4 Nf6 2. c4 g6 3. Nc3 Bg7 4. e4 d6 5. Nf3 O-O 6. Be2 Nbd7 7. O-O c5 8. Be3
b6 9. Qc2 Bb7 10. d5 Ng4 11. Bf4 Nge5 12. Rac1 Ba6 13. b3 Qc7 14. Qd2 Qd8 15.
Nxe5 Nxe5 16. Bh6 Rb8 17. Bxg7 Kxg7 18. f4 Nd7 19. Rf3 Qc7 20. Rh3 Nf6 21. f5
Qd7 22. Rf1 Rh8 23. Qh6+ Kg8 24. Rf4 Qe8 25. fxg6 fxg6 26. Bg4 Nxg4 27. Rxg4
Qf7 28. Ne2 Qg7 29. Qh4 Bc8 30. Rf3 Bxg4 31. Qxg4 Qe5 32. Rf5 Qg7 33. Rf3 Qe5
34. Rf5 Qg7 35. Rf3 Qe5 36. Rf5 Qg7 37. Rg5 Qa1+ 38. Kf2 Rf8+ 39. Kg3 Kg7 40.
Nf4 Qc3+ 1/2-1/2

[Event "Ì11Ï"]
[Site "Loo"]
[Date "2017.04.23"]
[Round "4.57"]
[White "Øàëèìîâ, Âëàäèìèð."]
[Black "Äåíèñîâ, Ìàòâåé."]
[Result "1/2-1/2"]
[WhiteElo "1087"]
[BlackElo "1252"]
[PlyCount "94"]
[EventDate "2017.04.20"]

1. e4 e5 2. Nf3 Nc6 3. Nc3 Nf6 4. d4 exd4 5. Nxd4 d6 6. Bb5 Bd7 7. Nxc6 bxc6 8.
Bd3 Be7 9. O-O O-O 10. Bg5 h6 11. Bh4 Nd5 12. Bxe7 Nxe7 13. Qf3 c5 14. Rae1 Nc6
15. a3 Ne5 16. Qe2 Re8 17. f3 Be6 18. f4 Nxd3 19. cxd3 Rb8 20. f5 Bb3 21. Rf2
Qf6 22. Qd2 c6 23. Qe2 Re7 24. Rf3 Rbe8 25. Qf2 Qd4 26. Rfe3 d5 27. Qe2 c4 28.
dxc4 Bxc4 29. Qg4 dxe4 30. Kh1 Bd5 31. Rg3 Qf6 32. Rge3 Qg5 33. Qxg5 hxg5 34.
g4 Rc8 35. Kg1 f6 36. Nxe4 Bxe4 37. Rxe4 Rxe4 38. Rxe4 Kf7 39. Ra4 Rc7 40. Kg2
Ke7 41. Kf3 Kd6 42. Kg3 Rb7 43. Rd4+ Ke7 44. Rd2 Rd7 45. Re2+ Kf7 46. Rc2 Rd6
47. Rc3 Ke7 1/2-1/2

[Event "Ì13Â"]
[Site "Loo"]
[Date "2017.04.23"]
[Round "4.1"]
[White "Öâåòêîâ, Àíäðåé."]
[Black "Ñòóêàí, Ìàðòèí."]
[Result "1/2-1/2"]
[WhiteElo "2066"]
[BlackElo "1971"]
[PlyCount "50"]
[EventDate "2017.04.20"]

1. d4 Nf6 2. c4 g6 3. Nc3 Bg7 4. e4 O-O 5. Nf3 c5 6. d5 d6 7. Be2 e6 8. O-O
exd5 9. cxd5 Re8 10. Nd2 a6 11. a4 Nbd7 12. Qc2 Ne5 13. f4 Neg4 14. Nc4 Nh5 15.
Bxg4 Bxg4 16. Be3 Qe7 17. Rae1 Bxc3 18. bxc3 b5 19. Nd2 bxa4 20. Qxa4 Bd7 21.
Qa3 Nf6 22. Bf2 Nh5 23. Be3 Nf6 24. Bf2 Nh5 25. Be3 Nf6 1/2-1/2

[Event "Ì13Â"]
[Site "Loo"]
[Date "2017.04.23"]
[Round "4.2"]
[White "Ïóòðåíêî, Êèðèëë."]
[Black "Ìàêîâååâ, Èëüÿ."]
[Result "0-1"]
[WhiteElo "1872"]
[BlackElo "2246"]
[PlyCount "54"]
[EventDate "2017.04.20"]

1. b3 e5 2. Bb2 Nc6 3. e3 Nf6 4. c4 d5 5. cxd5 Nxd5 6. Bb5 Ndb4 7. Nf3 Nd3+ 8.
Bxd3 Qxd3 9. Qe2 Nb4 10. Na3 e4 11. Ne5 Qxe2+ 12. Kxe2 f6 13. Nec4 Nd3 14. Nb5
Kd8 15. Nc3 b5 16. Nxb5 Ba6 17. a4 Nxb2 18. Nxb2 c6 19. Nc4 cxb5 20. axb5 Bxb5
21. Ra5 a6 22. Rc1 Bb4 23. Ra2 Ke7 24. Ke1 Rac8 25. Rcc2 Rhd8 26. Nb6 Bxd2+ 27.
Rxd2 Rc1+ 0-1

[Event "Ì13Â"]
[Site "Loo"]
[Date "2017.04.23"]
[Round "4.3"]
[White "Ïîíîìàðåâ, Ãðèãîðèé."]
[Black "Êóçüìèí, Ðîìàí."]
[Result "1-0"]
[WhiteElo "2088"]
[BlackElo "1806"]
[PlyCount "75"]
[EventDate "2017.04.20"]

1. e4 e5 2. Nf3 Nc6 3. Bc4 Bc5 4. c3 Nf6 5. d4 exd4 6. cxd4 Bb4+ 7. Bd2 Bxd2+
8. Nbxd2 d5 9. exd5 Nxd5 10. O-O O-O 11. Rc1 Bg4 12. h3 Bh5 13. Re1 Nf4 14. Ne4
Re8 15. Bb5 f5 16. Qb3+ Kh8 17. Bxc6 bxc6 18. Ng3 Rb8 19. Rxe8+ Qxe8 20. Qc3
Ne2+ 21. Nxe2 Qxe2 22. Qxc6 Rxb2 23. Qa8+ Be8 24. Ne5 Qxf2+ 25. Kh1 h6 26.
Qxe8+ Kh7 27. Qg6+ Kg8 28. Nd3 Qe3 29. Qxf5 Rd2 30. Re1 Re2 31. Rb1 Qe8 32.
Qd5+ Kh7 33. Ne5 c6 34. Qf3 Rxa2 35. Qd3+ Kh8 36. Ng6+ Kh7 37. Nf8+ Kg8 38. Rf1
1-0

[Event "Ì13Â"]
[Site "Loo"]
[Date "2017.04.23"]
[Round "4.4"]
[White "Åðàñòîâ, Ñåìåí."]
[Black "Ìåðö, Äìèòðèé."]
[Result "1-0"]
[WhiteElo "1838"]
[BlackElo "1744"]
[PlyCount "111"]
[EventDate "2017.04.20"]

1. d4 d5 2. c4 e6 3. Nc3 Nf6 4. cxd5 exd5 5. Bg5 Be7 6. e3 O-O 7. Bd3 Nbd7 8.
Qc2 c6 9. Nge2 Re8 10. f3 Nf8 11. O-O Be6 12. Rad1 Rc8 13. Kh1 Nh5 14. Bxe7
Qxe7 15. e4 dxe4 16. fxe4 c5 17. d5 c4 18. dxe6 Nxe6 19. Nd5 Qc5 20. Rc1 cxd3
21. Qxd3 Qf8 22. Rxc8 Rxc8 23. g4 Nf6 24. Nxf6+ gxf6 25. Nc3 Qh6 26. Nd5 Rc1
27. Nxf6+ Kg7 28. Nh5+ Kg8 29. Nf6+ Kg7 30. Nh5+ Kg8 31. Kg2 Rxf1 32. Qxf1 Qd2+
33. Qf2 Qg5 34. h3 Qe5 35. Qc2 Nc5 36. Kf3 a5 37. h4 b5 38. g5 h6 39. Nf6+ Kg7
40. Ng4 Qd4 41. Nxh6 Qd3+ 42. Qxd3 Nxd3 43. Nf5+ Kf8 44. Nd4 b4 45. Nc6 a4 46.
b3 Nc1 47. Nxb4 axb3 48. axb3 Nxb3 49. Nc6 Nc5 50. e5 Ne6 51. Kg4 Kg7 52. h5
Kh7 53. h6 Nf8 54. Kf5 Ng6 55. Kf6 Kg8 56. Ne7+ 1-0

[Event "Ì13Â"]
[Site "Loo"]
[Date "2017.04.23"]
[Round "4.5"]
[White "Ãðåõîâ, Ëóêà."]
[Black "Êàòàåâ, Àëåêñàíäð."]
[Result "0-1"]
[WhiteElo "1756"]
[BlackElo "1995"]
[PlyCount "68"]
[EventDate "2017.04.20"]

1. d4 Nf6 2. Nf3 g6 3. c4 Bg7 4. Nc3 O-O 5. g3 d6 6. Bg2 Nc6 7. O-O e5 8. dxe5
dxe5 9. Bg5 Be6 10. b3 Qc8 11. Rc1 Nd7 12. Nd5 h6 13. Be3 a5 14. Qd2 Kh7 15.
Ne1 f5 16. Nc2 g5 17. f4 gxf4 18. gxf4 e4 19. Nd4 Nxd4 20. Bxd4 Nf6 21. Nxf6+
Bxf6 22. Bxf6 Rxf6 23. Kh1 Qe8 24. Rg1 Qh5 25. e3 Rg6 26. Qd1 Rg4 27. Qe2 Rag8
28. h3 Qh4 29. Kh2 Qg3+ 30. Kh1 Rh4 31. Rcf1 Bf7 32. Qf2 Bh5 33. Rc1 Rxh3+ 34.
Bxh3 Qxh3+ 0-1

[Event "Ì13Â"]
[Site "Loo"]
[Date "2017.04.23"]
[Round "4.6"]
[White "Áàëàøîâ, Àðñåíèé."]
[Black "Æóêîâ, Ìàêñèì."]
[Result "0-1"]
[WhiteElo "1769"]
[BlackElo "1850"]
[PlyCount "92"]
[EventDate "2017.04.20"]

1. e4 c5 2. Nf3 g6 3. d4 cxd4 4. Nxd4 Bg7 5. Nc3 Nc6 6. Be3 Nf6 7. Bc4 O-O 8.
Bb3 d6 9. f3 Bd7 10. Qd2 Rc8 11. O-O-O Nxd4 12. Bxd4 b5 13. Nd5 Nxd5 14. Bxd5
a5 15. Bxg7 Kxg7 16. e5 Bf5 17. Be4 Bxe4 18. fxe4 dxe5 19. Qe2 Qc7 20. Rd5 b4
21. Rhd1 Rfd8 22. Qf2 e6 23. Rxd8 Rxd8 24. Rxd8 Qxd8 25. Qc5 Qd4 26. Qxa5 Qg1+
27. Kd2 Qxg2+ 28. Kd3 Qf3+ 29. Kd2 Qxe4 30. c3 Qf4+ 31. Kd1 bxc3 32. Qxc3 Qxh2
33. a4 h5 34. a5 h4 35. a6 h3 36. a7 Qg1+ 37. Ke2 Qxa7 38. Qxh3 Qd4 39. Qa3 e4
40. b4 Qd3+ 41. Qxd3 exd3+ 42. Kxd3 Kf6 43. Kc4 Ke7 44. Kc5 Kd7 45. Kb6 g5 46.
b5 g4 0-1

[Event "Ì13Â"]
[Site "Loo"]
[Date "2017.04.23"]
[Round "4.7"]
[White "Õàðèòîíîâ, Åãîð."]
[Black "Ïîñòàíîãîâ, Äìèòðèé."]
[Result "1-0"]
[WhiteElo "1850"]
[BlackElo "1801"]
[PlyCount "83"]
[EventDate "2017.04.20"]

1. d4 d5 2. c4 c6 3. Nf3 Nf6 4. Qc2 dxc4 5. Qxc4 Bg4 6. Ne5 Be6 7. Qd3 g6 8.
Nc3 Bg7 9. g3 Na6 10. Bg2 Nb4 11. Qd1 Nbd5 12. Na4 Nd7 13. Nxd7 Bxd7 14. O-O
O-O 15. Nc5 Bc8 16. e4 Nc7 17. Be3 b6 18. Nb3 Bb7 19. Qc2 Rc8 20. Rfd1 e6 21.
a4 Qe7 22. Qe2 Rfd8 23. a5 Nb5 24. axb6 axb6 25. d5 exd5 26. exd5 Qb4 27. dxc6
Rxd1+ 28. Qxd1 Ba8 29. Qd7 Rf8 30. Bd5 Bxc6 31. Qxc6 Nd4 32. Nxd4 Bxd4 33. Bxd4
Qxd4 34. Ra8 Rxa8 35. Qxa8+ Kg7 36. Qb7 Qf6 37. Kg2 h6 38. b4 h5 39. h4 Qf5 40.
b5 Qf6 41. Bxf7 Kh6 42. Bg8 1-0

[Event "Ì13Â"]
[Site "Loo"]
[Date "2017.04.23"]
[Round "4.8"]
[White "Àòîâìÿí, Àðò¸ì."]
[Black "×óãóíîâ, Âàäèì."]
[Result "0-1"]
[WhiteElo "1638"]
[BlackElo "1816"]
[PlyCount "84"]
[EventDate "2017.04.20"]

1. e4 e5 2. Nf3 Nc6 3. Bb5 a6 4. Ba4 Nf6 5. O-O Be7 6. Re1 b5 7. Bb3 d6 8. c3
O-O 9. h3 Bb7 10. d4 Nd7 11. Nbd2 exd4 12. cxd4 Bf6 13. Nf1 Na5 14. Bc2 Re8 15.
Ng3 g6 16. Nh2 h5 17. Rb1 c5 18. d5 Rc8 19. b3 Ba8 20. Re2 Bg7 21. Qe1 c4 22.
b4 Nb7 23. Kh1 Qe7 24. Nf3 Qf8 25. Ng5 Re7 26. f4 Bh6 27. Nf3 Rce8 28. f5 Nd8
29. fxg6 fxg6 30. Nh4 Ne5 31. Bb2 Ndf7 32. Rf2 Qg7 33. Qe2 Bg5 34. Nf3 Bf4 35.
Nf1 Qh6 36. g3 Bg5 37. Nxg5 Nxg5 38. Bc1 h4 39. Qe3 hxg3 40. Nxg3 Ng4 41. Qxg5
Qxh3+ 42. Kg1 Qxg3+ 0-1

[Event "Ì13Â"]
[Site "Loo"]
[Date "2017.04.23"]
[Round "4.9"]
[White "Ìèøóðèñ, Ìàòâåé."]
[Black "Áåëîøàïêî, Ìàòâåé."]
[Result "1-0"]
[WhiteElo "1810"]
[BlackElo "1750"]
[PlyCount "109"]
[EventDate "2017.04.20"]

1. d4 Nf6 2. c4 c5 3. Nf3 g6 4. g3 Bg7 5. Bg2 O-O 6. O-O d6 7. Nc3 Nc6 8. d5
Na5 9. Nd2 Ng4 10. Qc2 e6 11. e4 exd5 12. cxd5 Rb8 13. h3 Nf6 14. b3 b5 15. Bb2
Ba6 16. Rfe1 Nd7 17. Nd1 Bxb2 18. Nxb2 Qb6 19. Kh1 Rfc8 20. f4 f6 21. Nf3 Re8
22. h4 Qc7 23. h5 Kg7 24. Nh4 Nf8 25. Rad1 Rbd8 26. Nd3 Qb8 27. e5 fxe5 28.
fxe5 dxe5 29. Nxe5 Rxe5 30. Qc3 Rde8 31. Nf3 b4 32. Qb2 c4 33. Qd4 Qb6 34. Rxe5
Qxd4 35. Rxd4 Rxe5 36. Nxe5 c3 37. Be4 Kf6 38. Ng4+ Kg5 39. hxg6 hxg6 40. Ne3
Kf6 41. Rxb4 Nb7 42. Nd1 Nd6 43. Nxc3 Nd7 44. Bg2 Nc5 45. Ne4+ Ndxe4 46. Bxe4
Ke5 47. Bxg6 Kxd5 48. Rh4 Be2 49. Rh7 a6 50. Kg2 Bg4 51. Rh4 Bd1 52. Kf2 a5 53.
Ke3 a4 54. Rd4+ Ke5 55. Rxd1 1-0

[Event "Ì13Â"]
[Site "Loo"]
[Date "2017.04.23"]
[Round "4.10"]
[White "Åðìîëàåâ, Èâàí."]
[Black "Áîáûëåâ, Íèêèòà."]
[Result "0-1"]
[WhiteElo "1804"]
[BlackElo "1640"]
[PlyCount "124"]
[EventDate "2017.04.20"]

1. e4 e5 2. Nf3 Nc6 3. d4 exd4 4. Bc4 Nf6 5. e5 d5 6. Bb5 Ne4 7. Nxd4 Bc5 8.
O-O O-O 9. Bxc6 bxc6 10. Be3 Qe8 11. f3 Nd6 12. Bf2 Qxe5 13. Nxc6 Bxf2+ 14.
Rxf2 Qxb2 15. Nd2 Bb7 16. Ne7+ Kh8 17. Nb3 c6 18. Na5 Qb6 19. Qd2 Qc7 20. Re2
Ba6 21. Re3 Nc4 22. Nxc4 Bxc4 23. Rae1 Bxa2 24. Nf5 Qf4 25. Nd4 c5 26. Ne2 Qh6
27. Ng3 d4 28. R3e2 Qxd2 29. Rxd2 Be6 30. Ne4 Rfc8 31. c3 dxc3 32. Nxc3 Rd8 33.
Rc2 g6 34. Ne4 c4 35. Kf2 a5 36. Nc5 a4 37. Nxe6 fxe6 38. Rxc4 a3 39. Rc2 Rd6
40. Ra1 Kg7 41. Rca2 Rda6 42. Ke3 Kf6 43. Rd1 Rb6 44. Rda1 Rb3+ 45. Kd2 Rb2+
46. Rxb2 axb2 47. Rb1 Rb8 48. Ke3 Ke5 49. f4+ Kf5 50. g3 e5 51. fxe5 Kxe5 52.
Kd3 Kf5 53. Ke3 Rb3+ 54. Kf2 g5 55. Kf1 h6 56. Kf2 Ke4 57. Ke2 Rb6 58. Ke1 Kd3
59. Kd1 Rb7 60. h3 Rb6 61. h4 gxh4 62. gxh4 h5 0-1

[Event "Ì13Â"]
[Site "Loo"]
[Date "2017.04.23"]
[Round "4.12"]
[White "Ëüâîâ, Íèêèòà."]
[Black "Ãðà÷åâ, Àëåêñåé."]
[Result "0-1"]
[WhiteElo "1879"]
[BlackElo "2147"]
[PlyCount "123"]
[EventDate "2017.04.20"]

1. d4 d5 2. Nf3 Nf6 3. Bf4 c5 4. e3 e6 5. c3 Nc6 6. Nbd2 cxd4 7. exd4 Nh5 8.
Bg3 Nxg3 9. hxg3 g6 10. Bd3 Bg7 11. Qe2 O-O 12. Ne5 Nxe5 13. dxe5 f6 14. Rxh7
Kxh7 15. Qh5+ Kg8 16. Bxg6 Bh6 17. Qxh6 Qe7 18. O-O-O Qg7 19. Qh5 Qh8 20. Qg4
Qh6 21. f4 f5 22. Bxf5+ Kf7 23. Bc2 Rg8 24. Qf3 Bd7 25. Nc4 Bc6 26. Nd6+ Ke7
27. Qf2 b6 28. Kb1 Qg7 29. Rd3 Rh8 30. Rd1 Rag8 31. Qe2 Qxg3 32. f5 Qg4 33. f6+
Kd7 34. Qa6 Ra8 35. Qa3 Qg6 36. Nf7 Qxf7 37. Qd6+ Kc8 38. Qxc6+ Kb8 39. Bd3 Rc8
40. Qd6+ Kb7 41. Qa3 a5 42. g4 Qc7 43. Re1 Rg8 44. Bb5 Rxg4 45. Qd6 Rd8 46.
Qxe6 Qh7+ 47. Ka1 Re4 48. Rg1 Qc7 49. Rf1 Rxe5 50. Qg4 Rf8 51. Qd4 Rxf6 52. Rd1
Rf7 53. a4 Rfe7 54. Ka2 Qc8 55. Rg1 Qe6 56. Rd1 Rh7 57. Rd2 Qe7 58. Rg2 Qe6 59.
Rd2 Rg7 60. Rh2 Re7 61. Rd2 Qf5 62. Re2 0-1

[Event "Ì13Â"]
[Site "Loo"]
[Date "2017.04.23"]
[Round "4.13"]
[White "Ïøìàõîâ, Îñìàí."]
[Black "Ãðåáíåâ, Àëåêñåé."]
[Result "0-1"]
[WhiteElo "2121"]
[BlackElo "1874"]
[PlyCount "102"]
[EventDate "2017.04.20"]

1. d4 Nf6 2. c4 g6 3. Nc3 Bg7 4. e4 d6 5. Be2 Nbd7 6. Bg5 e5 7. d5 a5 8. Qd2
Nc5 9. f3 O-O 10. O-O-O Bd7 11. h4 Qe8 12. g4 Na4 13. Nxa4 Bxa4 14. Rf1 Bd7 15.
h5 b5 16. Rf2 bxc4 17. Rfh2 Rb8 18. Bxc4 Bb5 19. Bxb5 Qxb5 20. Ne2 Qc4+ 21. Nc3
Nd7 22. hxg6 fxg6 23. b3 Qb4 24. Na4 Rxf3 25. Qxb4 Rxb4 26. Bd2 Rxe4 27. Bxa5
Nf6 28. Bxc7 Bf8 29. Rd2 Nxg4 30. Kb2 Ref4 31. Nb6 e4 32. Nc4 e3 33. Nxe3 Rxe3
34. Rc1 Ne5 35. Bb6 Rd3 36. Rcd1 Rb4 37. Rxd3 Nxd3+ 38. Rxd3 Rxb6 39. Kc3 h5
40. a4 h4 41. Kc4 g5 42. a5 Rb8 43. b4 Be7 44. b5 Bd8 45. Ra3 Kg7 46. a6 Bb6
47. a7 Ra8 48. Ra6 h3 49. Rxb6 h2 50. Rb7+ Kh6 51. Rb8 Rxa7 0-1

[Event "Ì13Â"]
[Site "Loo"]
[Date "2017.04.23"]
[Round "4.14"]
[White "Âàñèëüåâ, Àëåêñåé."]
[Black "Òðîôèìîâ, Ïàâåë."]
[Result "0-1"]
[WhiteElo "1861"]
[BlackElo "1933"]
[PlyCount "58"]
[EventDate "2017.04.20"]

1. e4 c5 2. Nf3 d6 3. d4 cxd4 4. Nxd4 Nf6 5. Nc3 a6 6. Be2 e5 7. Nf3 Be7 8. Bg5
Be6 9. O-O Nbd7 10. a4 O-O 11. h3 h6 12. Bh4 Qc7 13. Re1 Rfe8 14. Bf1 Rac8 15.
Qd2 Qc6 16. Rad1 Qb6 17. b3 Qc6 18. Re3 Rc7 19. g4 g5 20. Bxg5 hxg5 21. Nxg5
Nh7 22. Nxe6 fxe6 23. Rf3 Ng5 24. Re3 Rf8 25. Qe2 Rf4 26. Bg2 Nf8 27. h4 Ngh7
28. Rdd3 Bxh4 29. Rf3 Ng6 0-1

[Event "Ì13Â"]
[Site "Loo"]
[Date "2017.04.23"]
[Round "4.15"]
[White "Ìî÷àëèí, Ôàääåé."]
[Black "Òàðàñîâ, Äàíèëà."]
[Result "0-1"]
[WhiteElo "1925"]
[BlackElo "1768"]
[PlyCount "106"]
[EventDate "2017.04.20"]

1. e4 c5 2. Nf3 g6 3. d4 Bg7 4. Nc3 cxd4 5. Nxd4 Nc6 6. Be3 Nf6 7. Bc4 O-O 8.
Bb3 a5 9. O-O a4 10. Nxa4 Nxe4 11. c4 d6 12. Nb5 Bf5 13. Qe2 Nf6 14. Rfd1 Ng4
15. Bb6 Qc8 16. f3 Nge5 17. Bf2 Nd7 18. Rac1 Bf6 19. f4 Na5 20. h3 Nxb3 21.
axb3 Ra6 22. Nd4 Nc5 23. Nxf5 Qxf5 24. Bxc5 dxc5 25. Qf3 Bd4+ 26. Kh1 Rf6 27.
Rf1 Qd7 28. Rcd1 Qc7 29. b4 e5 30. bxc5 Rxf4 31. Qa3 Rxf1+ 32. Rxf1 e4 33. b4
Qe5 34. Qa2 f5 35. Nb6 Re8 36. Nd5 Qg3 37. Qa4 Rd8 38. Qa5 Re8 39. Nf4 Be5 40.
c6 Bxf4 41. Qd5+ Kh8 42. Rxf4 Qxf4 43. Qd4+ Kg8 44. cxb7 Qc7 45. Qd5+ Kg7 46.
c5 Rd8 47. Qb3 e3 48. h4 Kf8 49. Qc2 Rd2 50. Qc1 Qxb7 51. c6 Qxb4 52. Kg1 Qd6
53. c7 Rd1+ 0-1

[Event "Ì13Â"]
[Site "Loo"]
[Date "2017.04.23"]
[Round "4.16"]
[White "Ìàõëèí, Ìèðîí."]
[Black "Åôðåìîâ, Âëàäèñëàâ."]
[Result "1/2-1/2"]
[WhiteElo "1832"]
[BlackElo "1879"]
[PlyCount "81"]
[EventDate "2017.04.20"]

1. d4 d5 2. c4 e6 3. Nf3 c6 4. Nbd2 Nf6 5. Qc2 Nbd7 6. g3 Bd6 7. Bg2 O-O 8. O-O
Re8 9. Rd1 Qe7 10. e4 Nxe4 11. Nxe4 dxe4 12. Qxe4 e5 13. dxe5 Nxe5 14. Nxe5
Bxe5 15. Be3 f5 16. Qc2 Qf6 17. Qd2 Bxb2 18. Rab1 Be5 19. f4 Bc3 20. Qf2 Qe6
21. Bc5 Ba5 22. Qc2 Qf7 23. Qa4 Bc3 24. Qb3 Bf6 25. a3 a5 26. Bf2 g6 27. Rd6
Be7 28. Rd2 Bf6 29. c5 Qxb3 30. Rxb3 Ra7 31. Bf1 Be6 32. Re3 Kf7 33. Rd6 Raa8
34. Rdxe6 Rxe6 35. Bc4 Rae8 36. Rb3 R8e7 37. Kf1 Ba1 38. Rb1 Bc3 39. Rb3 Ba1
40. Rb1 Bc3 41. Rb3 1/2-1/2

[Event "Ì13Â"]
[Site "Loo"]
[Date "2017.04.23"]
[Round "4.17"]
[White "Êîë÷èí, Ìàêñèì."]
[Black "Ñìèðíîâ, Ñàâåëèé."]
[Result "1-0"]
[WhiteElo "1713"]
[BlackElo "1532"]
[PlyCount "103"]
[EventDate "2017.04.20"]

1. Nf3 d5 2. g3 e6 3. Bg2 Nd7 4. d3 Bd6 5. Nbd2 f5 6. O-O h6 7. e4 Ne7 8. Qe2
O-O 9. Nd4 Nb6 10. N2b3 fxe4 11. dxe4 e5 12. Nb5 c6 13. Nxd6 Qxd6 14. c3 Be6
15. Rd1 Nc4 16. Qxc4 Bg4 17. Qf1 Bxd1 18. Qxd1 Rad8 19. Qc2 dxe4 20. Be3 b6 21.
Bxe4 Nd5 22. Bd2 c5 23. Be1 Nf6 24. Bg2 Rfe8 25. Nd2 Kh8 26. Ne4 Nxe4 27. Bxe4
Rf8 28. f3 b5 29. Qe2 a6 30. Kg2 c4 31. a4 Rf7 32. Qe3 bxa4 33. Rxa4 Rb8 34.
Rxc4 Rxb2+ 35. Bf2 Rf8 36. Rc6 Qe7 37. Rxa6 Rb3 38. Ra7 Qf6 39. Bc2 Rb2 40. Qe4
g6 41. Ra8 Rbb8 42. Rxb8 Rxb8 43. Qxg6 Qxg6 44. Bxg6 Rb3 45. c4 Rc3 46. c5 Kg7
47. Be4 Kf7 48. c6 Ke7 49. Kh3 Kd8 50. Bb6+ Kc8 51. Bf5+ Kb8 52. c7+ 1-0

[Event "Ì13Â"]
[Site "Loo"]
[Date "2017.04.23"]
[Round "4.18"]
[White "Êó÷åðîâ, Ìàòâåé."]
[Black "Êèðèëëîâ, Äìèòðèé."]
[Result "0-1"]
[WhiteElo "1709"]
[BlackElo "2099"]
[PlyCount "94"]
[EventDate "2017.04.20"]

1. e4 c5 2. c3 e6 3. d4 d5 4. exd5 exd5 5. Nf3 c4 6. b3 cxb3 7. axb3 Bd6 8. h3
Ne7 9. Bd3 O-O 10. O-O Bf5 11. Bxf5 Nxf5 12. c4 Nc6 13. Be3 Nxe3 14. fxe3 Re8
15. Re1 Ne7 16. Qd3 Ng6 17. Nbd2 Qe7 18. Ra5 Bg3 19. Rea1 dxc4 20. bxc4 a6 21.
R5a3 Rad8 22. Nf1 Bb8 23. Qb3 f5 24. Re1 Nh4 25. N1d2 Nxf3+ 26. Nxf3 Bg3 27.
Re2 g5 28. d5 g4 29. Nd4 Qd7 30. e4 f4 31. Nf5 Qxf5 32. exf5 Rxe2 33. Ra1 Rde8
34. Rf1 f3 35. gxf3 gxh3 36. f6 Rg2+ 37. Kh1 Rh2+ 38. Kg1 Ree2 39. f7+ Kg7 40.
f8=Q+ Kxf8 41. Qb4+ Ke8 42. Re1 Rhg2+ 43. Kf1 Rxe1+ 44. Qxe1+ Bxe1 45. d6 Bf2
46. c5 Bxc5 47. d7+ Kxd7 0-1

[Event "Ì13Â"]
[Site "Loo"]
[Date "2017.04.23"]
[Round "4.19"]
[White "Áîéêî, Àëåêñàíäð."]
[Black "Ïîçíÿê, Íàçàð."]
[Result "0-1"]
[WhiteElo "1586"]
[BlackElo "2069"]
[PlyCount "128"]
[EventDate "2017.04.20"]

1. e4 c5 2. Nc3 Nc6 3. g3 g6 4. Bg2 Bg7 5. d3 e6 6. Nge2 Nge7 7. O-O O-O 8. Be3
Nd4 9. f4 d5 10. e5 Qb6 11. Rb1 Ndf5 12. Bf2 d4 13. Na4 Qa5 14. c4 Rd8 15. g4
Ne3 16. Bxe3 dxe3 17. Nac3 Rb8 18. Nb5 Bd7 19. Nd6 Bc6 20. a3 Bxg2 21. Kxg2 Nc6
22. Nc3 g5 23. Qf3 gxf4 24. Qxf4 Nxe5 25. Nce4 Qc7 26. Nb5 Qe7 27. g5 e2 28.
Nf6+ Bxf6 29. gxf6 exf1=Q+ 30. Rxf1 Ng6 31. Qxb8 Rxb8 32. fxe7 Nxe7 33. Nd6 f5
34. Re1 Ng6 35. Kf3 Nf8 36. Re5 b6 37. Ke2 Rd8 38. Nb5 a5 39. Nc7 Rd7 40. Nb5
Ng6 41. Re3 Kf7 42. Nc3 Kf6 43. Na4 Rd6 44. Kd2 Nf4 45. Rf3 Ng6 46. Rh3 h5 47.
Nc3 h4 48. Ne2 Kg5 49. Re3 e5 50. Kc3 Nf4 51. Rxe5 Rxd3+ 52. Kc2 Rh3 53. Nxf4
Kxf4 54. Re2 Re3 55. Rf2+ Ke4 56. Kd2 f4 57. Rg2 Rb3 58. Kc2 Rh3 59. Re2+ Re3
60. Rg2 f3 61. Rd2 Re2 62. Kd1 Rxd2+ 63. Kxd2 Kd4 64. b3 a4 0-1

[Event "Ì13Â"]
[Site "Loo"]
[Date "2017.04.23"]
[Round "4.20"]
[White "×óìàåâñêèé, Àðñåíèé."]
[Black "Ïëÿñóíîâ, Äàíèèë."]
[Result "1-0"]
[WhiteElo "1595"]
[BlackElo "1868"]
[PlyCount "117"]
[EventDate "2017.04.20"]

1. e4 e6 2. d4 d5 3. e5 c5 4. c3 Qb6 5. Nf3 Nc6 6. a3 Bd7 7. b4 cxd4 8. cxd4
Nge7 9. Bb2 Nf5 10. Be2 a5 11. b5 Na7 12. a4 Bb4+ 13. Nbd2 O-O 14. O-O Rac8 15.
Nb3 Qd8 16. Ne1 b6 17. Nd3 Bc3 18. Rc1 Bxb2 19. Nxb2 Qh4 20. Qd2 f6 21. f4 Qh6
22. Bd3 fxe5 23. Bxf5 Rxf5 24. Rxc8+ Bxc8 25. dxe5 Rf7 26. Qd4 Rb7 27. Rc1 Qh4
28. Nd3 Qd8 29. f5 exf5 30. Nf4 Kh8 31. Rc3 Rd7 32. Ne6 Qe7 33. Qxb6 Qh4 34. g3
Qe4 35. Rc1 d4 36. Nexd4 Qe3+ 37. Kf1 f4 38. Qxa7 Rc7 39. e6 Rxc1+ 40. Nxc1
Qxc1+ 41. Kg2 Qd2+ 42. Kh3 Qe1 43. Qb8 Qf1+ 44. Kh4 Qc4 45. Qxf4 Qc5 46. Qe4 g6
47. g4 g5+ 48. Kh5 Qe7 49. Qe5+ Kg8 50. Qxg5+ Kf8 51. Qxe7+ Kxe7 52. Kh6 Kf6
53. g5+ Ke5 54. e7 Bd7 55. Nc6+ Kf5 56. h4 Be8 57. Kxh7 Bh5 58. b6 Bf3 59. Nd4+
1-0

[Event "Ì13Â"]
[Site "Loo"]
[Date "2017.04.23"]
[Round "4.22"]
[White "Òðîôèìîâ, Èâàí."]
[Black "Æóêîâ, Èâàí."]
[Result "1-0"]
[WhiteElo "1826"]
[BlackElo "1814"]
[PlyCount "69"]
[EventDate "2017.04.20"]

1. e4 c5 2. Nf3 d6 3. Bb5+ Nd7 4. O-O Ngf6 5. Re1 e6 6. c3 Be7 7. d4 cxd4 8.
cxd4 O-O 9. Nc3 a6 10. Bd3 b6 11. e5 Ne8 12. Be4 d5 13. Bd3 b5 14. a3 Bb7 15.
Bd2 Rc8 16. Qc2 g6 17. Bh6 Ng7 18. Qd2 Nb6 19. Bg5 Bxg5 20. Nxg5 f6 21. Nf3 Nc4
22. Bxc4 dxc4 23. Ne4 Bxe4 24. Rxe4 Qd5 25. Re2 f5 26. Rd1 Ne8 27. h4 Nc7 28.
h5 Qd7 29. hxg6 hxg6 30. Qg5 Qf7 31. Nh4 Kg7 32. Re3 Rh8 33. Nxg6 Rhd8 34. Nh8+
Kf8 35. Nxf7 1-0

[Event "Ì13Â"]
[Site "Loo"]
[Date "2017.04.23"]
[Round "4.23"]
[White "Äàí÷åíêî, Àðòåìèé."]
[Black "Òèòîâ, Àëåêñàíäð."]
[Result "1-0"]
[WhiteElo "1888"]
[BlackElo "1704"]
[PlyCount "119"]
[EventDate "2017.04.20"]

1. e4 e6 2. Nf3 d5 3. Nc3 Nf6 4. e5 Nfd7 5. d4 c5 6. dxc5 Bxc5 7. Bd3 Nc6 8.
Bf4 f6 9. exf6 Nxf6 10. O-O O-O 11. Bg3 Bd7 12. Qe2 a6 13. Qd2 Be8 14. Rae1 Qd7
15. Ng5 Bf7 16. Nxf7 Qxf7 17. Kh1 Rae8 18. Na4 Bb4 19. c3 Be7 20. b3 b5 21. Nb2
Bc5 22. b4 Ba7 23. Bd6 e5 24. Bxf8 Rxf8 25. Bb1 e4 26. Nd1 Ne5 27. Ne3 Nc4 28.
Qe2 Nh5 29. Nxc4 bxc4 30. g3 Nf6 31. Kg2 Re8 32. a4 Nd7 33. f3 e3 34. Qc2 g6
35. b5 a5 36. Qe2 Nc5 37. Bc2 Bb6 38. Rd1 Nd7 39. Rfe1 Nf6 40. Bb1 Qe6 41. Qc2
Bc5 42. Re2 Nd7 43. Rf1 Ne5 44. Qd1 Nd7 45. h3 Nf6 46. Qc2 Qe5 47. Ba2 Nh5 48.
f4 Qe7 49. f5 g5 50. Bb1 Nf6 51. Rf3 Qe5 52. Qc1 h5 53. Qe1 Re7 54. Bc2 Kg7 55.
Bb1 Rd7 56. Rfxe3 Bxe3 57. Rxe3 Qd6 58. Re6 Qc7 59. b6 Qb7 60. Kh2 1-0

[Event "Ì13Â"]
[Site "Loo"]
[Date "2017.04.23"]
[Round "4.24"]
[White "Äìèòðèåâ, Èâàí."]
[Black "Êóíäÿíîê, Âëàäèñëàâ."]
[Result "0-1"]
[WhiteElo "1666"]
[BlackElo "1810"]
[PlyCount "84"]
[EventDate "2017.04.20"]

1. e4 c5 2. Nc3 e6 3. f4 d5 4. Bb5+ Nc6 5. Bxc6+ bxc6 6. d3 g6 7. Nf3 Bg7 8. e5
Ne7 9. O-O Ba6 10. Na4 c4 11. Nc5 cxd3 12. cxd3 h5 13. Be3 Nf5 14. Bf2 Bc8 15.
Qa4 Qc7 16. Rac1 O-O 17. Na6 Qb7 18. Qxc6 Qxc6 19. Rxc6 Bb7 20. Nb4 Bxc6 21.
Nxc6 Rfc8 22. Ncd4 Nxd4 23. Nxd4 Rab8 24. b3 Bf8 25. a4 a6 26. Rb1 Rc3 27. Rd1
Rb4 28. Be1 Rbxb3 29. Bxc3 Rxc3 30. Kf1 Ra3 31. Nc2 Rxa4 32. g3 Ra2 33. Rd2 a5
34. Re2 a4 35. Nd4 Ra1+ 36. Kf2 Bc5 37. Kg2 Bxd4 38. h3 a3 39. g4 hxg4 40. hxg4
a2 41. Kh2 Rh1+ 42. Kxh1 a1=Q+ 0-1